Statistics for Land on the Equator

Click here to take the quiz!

General Stats

  • This quiz has been taken 385 times
  • The average score is 24 of 38

Answer Stats

Country% Correct
Ecuador
87%
Ecuador
87%
Indonesia
85%
Indonesia
85%
Indonesia
85%
Indonesia
85%
Indonesia
85%
Indonesia
85%
Indonesia
85%
Indonesia
85%
Brazil
84%
Democratic Republic of the Congo
83%
Kenya
80%
Republic of Congo
80%
Africa
78%
Africa
78%
Africa
78%
Africa
78%
Africa
78%
Africa
78%
Colombia
78%
America
77%
America
77%
America
77%
Uganda
71%
Gabon
68%
Somalia
62%
São Tomé and Príncipe
55%
Sumatra
50%
Borneo
48%
Sulawesi
33%
Halmahera
4%
Gebe Island
2%
Ilhéu das Rolas
2%
Lingga Islands
2%
Batu Islands
1%
Isabela Island
1%
Kayoa
1%

Score Distribution

Percentile by Number Answered

Percent of People with Each Score

Your Score History

You have not taken this quiz